Normal view
MARC view
Entry Personal Name
001 - CONTROL NUMBER
- control field: 723642
003 - CONTROL NUMBER IDENTIFIER
- control field: OSt
005 - DATE AND TIME OF LATEST TRANSACTION
- control field: 20240920104310.0
008 - FIXED-LENGTH DATA ELEMENTS
- fixed length control field: 240920|| aca||aabn | a|a d
040 ## - CATALOGING SOURCE
- Original cataloging agency: OSt
- Transcribing agency: OSt
100 ## - HEADING--PERSONAL NAME
- Personal name: Jones Jan - Erik Ed
670 ## - SOURCE DATA FOUND
- Source citation: Work cat.: (OSt)1217283: Jones Jan - Erik Ed., Bloomsbury companipon to Robert Boyle, 2023
